முள்பள்ளி முன் பிள்ளைப்பருவ அபிவிருத்தி நிலையங்களுக்காக : கற்றல் வட்டங்கள் /
Saved in:
| Main Author: | |
|---|---|
| Format: | Book |
| Language: | English Tamil |
| Published: |
இலங்கை :
மகளிர், சிறுவர் அலுவல்கள் மற்றும் உலர் வலய அபிவிருத்தி அமைச்சு,
2019.
|
| Edition: | 2nt ed. |
| Subjects: | |
| Tags: |
Add Tag
No Tags, Be the first to tag this record!
|
MARC
| LEADER | 00000nam a22000007a 4500 | ||
|---|---|---|---|
| 005 | 20251207152058.0 | ||
| 008 | 251207b |||||||| |||| 00| 0 eng d | ||
| 020 | |a 9789550249503 | ||
| 041 | |a tam |h tam | ||
| 082 | |a 372.22 |b எல்சி | ||
| 100 | |a எல்சி கொதலாவ. |9 116318 | ||
| 245 | |a முள்பள்ளி முன் பிள்ளைப்பருவ அபிவிருத்தி நிலையங்களுக்காக : |b கற்றல் வட்டங்கள் / | ||
| 250 | |a 2nt ed. | ||
| 260 | |a இலங்கை : |b மகளிர், சிறுவர் அலுவல்கள் மற்றும் உலர் வலய அபிவிருத்தி அமைச்சு, |c 2019. | ||
| 300 | |a 29 p. |b ill, Col pic |c 20.6 Cm. | ||
| 650 | |a primary education முன்பள்ளி கல்வி |9 116319 | ||
| 942 | |c BK | ||
| 999 | |c 70417 |d 70417 | ||